000 00460 a2200169 4500
003 OSt
005 20240208113048.0
008 240208b |||||||| |||| 00| 0 eng d
020 _a9789385269561
040 _coclc
082 _a150
_bARA/P
100 _aAravind,Bindhu
_910423
245 _aPsycho light /
_c Bindhu Aravind
260 _aKozhikode:
_bOlive publication,
300 _a40p.
942 _2ddc
_cBK
_h150
_iARA/P
_k150
_mARA/P
999 _c44389
_d44389